Droit et religion en Europe: études en l'honneur de Francis Messner
Saved in:
| Format: | Bog |
|---|---|
| Sprog: | fransk |
| Udgivet: |
Estrasburgo
Presses universitaires de Strasbourg
2014
|
| Udgivelse: | 1a. ed |
| Serier: | Société, Droit et Religion en Europe
|
| Fag: | |
| Tags: |
Tilføj Tag
Ingen Tags, Vær først til at tagge denne postø!
|
MARC
| LEADER | 00000cam a2200000 a 4500 | ||
|---|---|---|---|
| 001 | UCE5463 | ||
| 003 | CL-VaPUC | ||
| 008 | 150109e20140000fr |||||||||||||||||fre|d | ||
| 020 | |a 9782868205643 | ||
| 082 | 0 | 4 | |a 340.04 |b DRO |2 21 |
| 245 | 1 | 0 | |a Droit et religion en Europe: études en l'honneur de Francis Messner |
| 250 | |a 1a. ed | ||
| 300 | |a 582 p | ||
| 942 | |c BK | ||
| 945 | |d 20150109 08:57:00 |a arojas | ||
| 260 | |a Estrasburgo |b Presses universitaires de Strasbourg |c 2014 | ||
| 650 | 7 | |a DERECHO Y RELIGION |2 CL-VaPUC |9 433171 | |
| 650 | 0 | |a Derecho europeo |9 391498 | |
| 650 | 0 | |a Religión |9 255164 | |
| 583 | |a last modification |c 20150113 11:02:21 |k Rodrigo Vera | ||
| 490 | 0 | |a Société, Droit et Religion en Europe | |
| 999 | |c 358180 |d 358178 | ||
| 952 | |0 0 |1 0 |3 erb |4 0 |6 340_040000000000000_DRO_2014 |7 0 |8 A |9 466725 |a BIBDER |b BIBDER |i 5134145 |o 340.04 DRO 2014 |p 5134145 |r 2023-01-25 |w 2019-11-23 |y BK |z Catalogado en:20150109 |k DER | ||